| 000 | 01044nam a2200241 a 4500 | ||
|---|---|---|---|
| 001 | 64923 | ||
| 003 | BD-RjUL | ||
| 005 | 20211209081352.0 | ||
| 008 | 160921s1970 bg ||||| |||| 00| 0 ben d | ||
| 020 |
_c: Tk. 180.00 _a9840744631 |
||
| 035 | _a(BD-RjUL)65053 | ||
| 040 |
_aBD-RjUL _bben _cBD-RjUL _dBD-RjUL |
||
| 041 | _aben | ||
| 082 |
_223 _a891.44109 _bMOA 1970 |
||
| 100 |
_aমনিরুজ্জামান, মোহাম্মদ _9123234 |
||
| 245 | 1 | 0 |
_aআধুনিক বাংলা কাব্যে হিন্দু-মুসলমান সম্পর্ক (১৮৫৭-১৯২০) / _cমোহাম্মদ মনিরুজ্জামান |
| 250 | _a১ম. সং. | ||
| 260 |
_aঢাকা : _bবাংলা একাডেমী, _c১৯৭০ |
||
| 300 |
_a[১০], ২৭৬ পৃ. ; _c২১ সেমি. |
||
| 650 |
_aবাংলা কবিতা _vইতিহাস ও সমালোচনা _9117724 |
||
| 650 |
_aBengali poetry _vHistory and Criticism _9117725 |
||
| 942 |
_2ddc _cBK |
||
| 999 |
_c64923 _d64923 |
||